[Event "IPCA rapid op 1st"]
[Site "La Zenia"]
[Date "2019.11.22"]
[Round "1"]
[White "Uzialko, Marek"]
[Black "Pilimon, Zbigniew"]
[Result "1-0"]
[WhiteElo "2029"]
[BlackElo "1638"]
[PlyCount "41"]
[EventDate "2019.11.22"]
[EventType "swiss (rapid)"]
[EventRounds "9"]
[EventCountry "ESP"]
[SourceTitle "CBM 193 Extra"]
[Source "ChessBase"]
[SourceDate "2020.01.31"]
[SourceVersion "1"]
[SourceVersionDate "2020.01.31"]
[SourceQuality "1"]

1. d4 Nf6 2. c4 d5 3. Nc3 e6 4. Bf4 Bd6 5. Bg5 Be7 6. Nf3 Nbd7 7. e3 0-0 8. Be2 b6 9. 0-0 Bb7 10. b3 c5 11. Qc2 Rc8 12. Qb2 dxc4 13. bxc4 h6 14. Bh4 Re8 15. Rad1 Qc7 16. Bg3 Qc6 17. d5 exd5 18. cxd5 Nxd5 19. Nxd5 Bf8 20. Bb5 Qe6 21. Bxd7 1-0

[Event "IPCA Wch 17th"]
[Site "Ruzomberok"]
[Date "2017.06.05"]
[Round "9"]
[White "Dorozhkina, Mariya"]
[Black "Pilimon, Zbigniew"]
[Result "1/2-1/2"]
[WhiteElo "1501"]
[BlackElo "1672"]
[PlyCount "105"]
[EventDate "2017.05.28"]
[EventType "swiss"]
[EventRounds "9"]
[EventCountry "SVK"]
[SourceTitle "EXT 2018"]
[Source "ChessBase"]
[SourceDate "2017.10.13"]
[SourceVersion "1"]
[SourceVersionDate "2017.10.13"]
[SourceQuality "1"]

1. e4 c5 2. Nf3 d6 3. d4 cxd4 4. Nxd4 Nf6 5. Nc3 a6 6. Be3 e5 7. Nb3 Be6 8. f3 Be7 9. Qd2 Qc7 10. 0-0-0 Nbd7 11. Kb1 Rc8 12. g4 h6 13. h4 Nb6 14. Qf2 Nfd7 15. Nd5 Bxd5 16. exd5 Na4 17. Bg2 b5 18. Qd2 b4 19. Rc1 a5 20. g5 h5 21. Bh3 Nc3+ 22. bxc3 bxc3 23. Qd3 a4 24. Bxd7+ Qxd7 25. Na5 Qc7 26. Qb5+ Kf8 27. Qxa4 Ra8 28. Ka1 Rxa5 29. Qb4 Bd8 30. Rb1 Ra6 31. Rhd1 g6 32. Rb3 Kg7 33. Rxc3 Qa5 34. Qxa5 Bxa5 35. Rb3 Rha8 36. Kb2 Bd8 37. a3 Ra4 38. Rh1 R8a5 39. Rd3 Rc4 40. Bf2 f6 41. gxf6+ Bxf6 42. Kb3 Raa4 43. Rh2 Bxh4 44. Bxh4 Rxh4 45. Rxh4 Rxh4 46. a4 Rf4 47. a5 Rf7 48. c4 h4 49. Kb4 h3 50. f4 exf4 51. Rxh3 f3 52. Rh1 g5 53. c5 1/2-1/2

[Event "IPCA Wch 14th"]
[Site "Apatin"]
[Date "2014.09.19"]
[Round "5"]
[White "Konkolova, Nikola"]
[Black "Pilimon, Zbigniew"]
[Result "1-0"]
[WhiteElo "1485"]
[BlackElo "1706"]
[PlyCount "73"]
[EventDate "2014.09.16"]
[EventType "swiss"]
[EventRounds "9"]
[EventCountry "SRB"]
[SourceTitle "CBM 162 Extra"]
[Source "ChessBase"]
[SourceDate "2014.10.17"]
[SourceVersion "1"]
[SourceVersionDate "2014.10.17"]
[SourceQuality "1"]

1. e4 c5 2. Nf3 d6 3. Bb5+ Bd7 4. Bxd7+ Qxd7 5. Nc3 Nc6 6. d4 cxd4 7. Nxd4 Nf6 8. Bg5 Ng4 9. Nxc6 bxc6 10. 0-0 g6 11. h3 Bh6 12. Bxh6 Nxh6 13. Qd2 Ng8 14. Rad1 Rd8 15. Rfe1 h5 16. Qg5 e6 17. Qd2 Kf8 18. Re3 Ne7 19. Rf3 f5 20. exf5 exf5 21. Qd4 Rh7 22. Ne4 Nd5 23. c4 Kg8 24. Ng5 Nc7 25. Nxh7 Kxh7 26. Qxa7 c5 27. Qa3 Ne6 28. Rfd3 Qc6 29. Re3 Nf4 30. Re7+ Kh6 31. Qg3 g5 32. h4 Rg8 33. f3 Rg7 34. hxg5+ Rxg5 35. Qxf4 d5 36. Rxd5 Qg6 37. Rd6 1-0

[Event "Bialystok-ch"]
[Site "Bialystok"]
[Date "2014.??.??"]
[Round "2"]
[White "Pilimon, Zbigniew"]
[Black "Rusak, Jan"]
[Result "0-1"]
[WhiteElo "1680"]
[BlackElo "1485"]
[PlyCount "80"]
[EventDate "2014.11.08"]
[EventType "swiss"]
[EventRounds "7"]
[EventCountry "POL"]
[SourceTitle "CBM 163 Extra"]
[Source "ChessBase"]
[SourceDate "2014.12.23"]
[SourceVersion "1"]
[SourceVersionDate "2014.12.23"]
[SourceQuality "1"]

1. d4 Nf6 2. c4 e6 3. Nf3 d5 4. Nc3 Bb4 5. Bd2 0-0 6. e3 c5 7. Rc1 Nc6 8. a3 Bxc3 9. Bxc3 cxd4 10. Nxd4 Re8 11. Nxc6 bxc6 12. c5 e5 13. Be2 Ne4 14. b4 Nxc3 15. Rxc3 d4 16. Rc2 dxe3 17. fxe3 Qh4+ 18. g3 Qe4 19. Kf2 Qf5+ 20. Ke1 Be6 21. Bd3 e4 22. Rf2 Qe5 23. Bb1 Qc3+ 24. Qd2 Qxa3 25. Bxe4 Rad8 26. Qb2 Bg4 27. Bf3 Qxe3+ 28. Be2 Qd4 29. Qxd4 Rxd4 30. Kf1 Bh3+ 31. Kg1 Rxb4 32. g4 Rb1+ 33. Rf1 Bxf1 34. Bxf1 Ree1 35. Kf2 Rxf1+ 36. Rxf1 Rxf1+ 37. Kxf1 Kf8 38. Ke2 Ke7 39. Kd3 Ke6 40. Kd4 a5 0-1

[Event "Bialystok Zamenhof Memorial-B"]
[Site "Bialystok"]
[Date "2010.12.??"]
[Round "3"]
[White "Burakowska, Gabriela"]
[Black "Pilimon, Zbigniew"]
[Result "0-1"]
[WhiteElo "1560"]
[BlackElo "1745"]
[PlyCount "108"]
[EventDate "2010.12.27"]
[EventType "swiss"]
[EventRounds "9"]
[EventCountry "POL"]
[SourceTitle "EXT 2014"]
[Source "ChessBase"]
[SourceDate "2013.11.20"]
[SourceVersion "1"]
[SourceVersionDate "2013.11.20"]
[SourceQuality "1"]

1. d4 d5 2. Nf3 Nf6 3. Bf4 e6 4. e3 Bd6 5. Bg3 Ne4 6. Nbd2 Nxg3 7. hxg3 Nd7 8. a3 Nf6 9. c4 c6 10. Be2 Qc7 11. Nf1 b6 12. Ng5 Ba6 13. cxd5 Bxe2 14. Qxe2 cxd5 15. Qb5+ Ke7 16. f4 Rac8 17. Nd2 Qc2 18. Ngf3 Rc7 19. 0-0 Ng4 20. Rfe1 Qg6 21. e4 dxe4 22. Nxe4 Rhc8 23. Qg5+ Qxg5 24. Nfxg5 Rc2 25. Nxf7 Bb8 26. Ne5 Bxe5 27. dxe5 Rxb2 28. Rac1 Rcc2 29. Rxc2 Rxc2 30. Kf1 Nh6 31. Nd6 Rc3 32. Nb5 Rxg3 33. Rc1 a6 34. Nd6 Kd7 35. Nc4 b5 36. Nb6+ Ke8 37. Rc7 Nf5 38. Ra7 Rxa3 39. Nd7 h5 40. Nc5 a5 41. Nxe6 b4 42. Nc7+ Kd8 43. Nb5 Ra2 44. Rf7 g6 45. e6 b3 46. Rd7+ Ke8 47. Nc7+ Kf8 48. Rf7+ Kg8 49. Ne8 Ng3+ 50. Kg1 Ne4 51. Rg7+ Kh8 52. Rxg6 b2 53. Rh6+ Kg8 54. Rg6+ Kf8 0-1

[Event "Bialystok Zamenhof Memorial-B"]
[Site "Bialystok"]
[Date "2010.12.??"]
[Round "9"]
[White "Kaminski, Maciej"]
[Black "Pilimon, Zbigniew"]
[Result "0-1"]
[WhiteElo "1869"]
[BlackElo "1745"]
[PlyCount "50"]
[EventDate "2010.12.27"]
[EventType "swiss"]
[EventRounds "9"]
[EventCountry "POL"]
[SourceTitle "EXT 2014"]
[Source "ChessBase"]
[SourceDate "2013.11.20"]
[SourceVersion "1"]
[SourceVersionDate "2013.11.20"]
[SourceQuality "1"]

1. e4 c5 2. Nf3 d6 3. d4 cxd4 4. Nxd4 Nf6 5. Nc3 a6 6. f4 Qc7 7. Bd3 Nbd7 8. 0-0 e6 9. Be3 Be7 10. Qe1 b5 11. Qg3 Bb7 12. Qxg7 Rg8 13. Qh6 Nc5 14. Rac1 b4 15. Nce2 Ncxe4 16. Bxe4 Nxe4 17. Qxh7 Rxg2+ 18. Kh1 Nf6 19. Qd3 Rg3+ 20. Nf3 Bxf3+ 21. Rxf3 Rxf3 22. Bb6 Qb7 23. Be3 Rf2+ 24. Qe4 Qxe4+ 25. Kg1 Qg2# 0-1

[Event "Bialystok Zamenhof Memorial-B"]
[Site "Bialystok"]
[Date "2010.12.??"]
[Round "5"]
[White "Stasieluk, Szymon"]
[Black "Pilimon, Zbigniew"]
[Result "1/2-1/2"]
[WhiteElo "1467"]
[BlackElo "1745"]
[PlyCount "41"]
[EventDate "2010.12.27"]
[EventType "swiss"]
[EventRounds "9"]
[EventCountry "POL"]
[SourceTitle "EXT 2014"]
[Source "ChessBase"]
[SourceDate "2013.11.20"]
[SourceVersion "1"]
[SourceVersionDate "2013.11.20"]
[SourceQuality "1"]

1. e4 c5 2. Nf3 d6 3. d4 cxd4 4. Nxd4 Nf6 5. Nc3 a6 6. Be2 e5 7. Nb3 Be6 8. Be3 Be7 9. 0-0 Nbd7 10. Qd2 b5 11. Rad1 Nb6 12. Na5 Qc7 13. a3 Rc8 14. Bxb6 Qxb6 15. Nd5 Bxd5 16. exd5 Rc5 17. c4 bxc4 18. Nxc4 Qc7 19. Qb4 0-0 20. Ne3 a5 21. Qd2 1/2-1/2

[Event "Bialystok Bieluczyk Memorial-A 1st"]
[Site "Bialystok"]
[Date "2009.06.26"]
[Round "9"]
[White "Bernacki, Krzysztof"]
[Black "Pilimon, Zbigniew"]
[Result "1-0"]
[WhiteElo "2084"]
[BlackElo "1776"]
[PlyCount "61"]
[EventDate "2009.06.20"]
[EventType "tourn"]
[EventRounds "9"]
[EventCountry "POL"]
[SourceTitle "EXT 2010"]
[Source "ChessBase"]
[SourceDate "2010.11.25"]
[SourceVersion "1"]
[SourceVersionDate "2010.11.25"]
[SourceQuality "1"]

1. e4 c5 2. Nf3 d6 3. d4 cxd4 4. Nxd4 Nf6 5. Nc3 a6 6. Bg5 e6 7. f4 Qb6 8. Qd2 Qxb2 9. Nb3 Qa3 10. Bxf6 gxf6 11. Be2 Nc6 12. 0-0 Rg8 13. f5 Bd7 14. fxe6 fxe6 15. Bh5+ Ke7 16. Qf4 Bg7 17. Rad1 Ne5 18. Rd4 Bc6 19. Rfd1 Rad8 20. Qd2 d5 21. exd5 exd5 22. Nxd5+ Rxd5 23. Rxd5 Bh6 24. Qxh6 Ke6 25. Rd6+ Qxd6 26. Rxd6+ Kxd6 27. Qxf6+ Kc7 28. Qxe5+ Kb6 29. Qd4+ Kc7 30. Qf4+ Kb6 31. Bf3 1-0

[Event "Bialystok Bieluczyk Memorial-A 1st"]
[Site "Bialystok"]
[Date "2009.06.24"]
[Round "7"]
[White "Pilimon, Zbigniew"]
[Black "Murza, Adam"]
[Result "0-1"]
[WhiteElo "1776"]
[BlackElo "2093"]
[PlyCount "104"]
[EventDate "2009.06.20"]
[EventType "tourn"]
[EventRounds "9"]
[EventCountry "POL"]
[SourceTitle "EXT 2010"]
[Source "ChessBase"]
[SourceDate "2010.11.25"]
[SourceVersion "1"]
[SourceVersionDate "2010.11.25"]
[SourceQuality "1"]

1. d4 d5 2. c4 c6 3. Nf3 Nf6 4. Nc3 dxc4 5. a4 Bf5 6. e3 e6 7. Bxc4 Nbd7 8. 0-0 Be7 9. h3 0-0 10. Qe2 Ne4 11. Nxe4 Bxe4 12. Nd2 Bd5 13. e4 Bxc4 14. Nxc4 Nb6 15. Rd1 Bf6 16. Be3 Nxc4 17. Qxc4 Qe7 18. Rac1 Rfd8 19. b4 Rac8 20. d5 exd5 21. exd5 Bg5 22. Rd3 Bxe3 23. fxe3 Qf8 24. Qb3 Rxd5 25. Rxd5 cxd5 26. Rxc8 Qxc8 27. Qxd5 h6 28. b5 Qc7 29. e4 b6 30. Qc6 Qd8 31. Kf2 Qd4+ 32. Kf3 Kh7 33. Qd5 Qc3+ 34. Kf4 Qc7+ 35. e5 g6 36. Qc6 Qe7 37. Qe4 Qg5+ 38. Kf3 Kg7 39. h4 Qd8 40. Ke2 Qd7 41. g3 Qe6 42. Kf3 Qc8 43. Qd4 Kf8 44. g4 Qe6 45. Qd8+ Kg7 46. Qd4 Kh7 47. Ke3 Qe7 48. h5 Qg5+ 49. Qf4 gxh5 50. gxh5 Qxh5 51. Kd4 Qg6 52. Qh4 h5 0-1

[Event "Bialystok Zamenhof Memorial"]
[Site "Bialystok"]
[Date "2008.12.30"]
[Round "8"]
[White "Pilimon, Zbigniew"]
[Black "Kaczmarek, Piotr1111"]
[Result "1/2-1/2"]
[WhiteElo "1748"]
[BlackElo "1870"]
[PlyCount "34"]
[EventDate "2008.12.27"]
[EventType "swiss"]
[EventRounds "9"]
[EventCountry "POL"]
[SourceTitle "EXT 2010"]
[Source "ChessBase"]
[SourceDate "2010.11.25"]
[SourceVersion "1"]
[SourceVersionDate "2010.11.25"]
[SourceQuality "1"]

1. d4 d5 2. c4 c6 3. Nc3 e6 4. Nf3 Nf6 5. e3 Nbd7 6. Qc2 Be7 7. Bd3 dxc4 8. Bxc4 b5 9. Bd3 Bb7 10. Ne4 Nxe4 11. Bxe4 Rc8 12. Bd2 Nf6 13. Bd3 0-0 14. b4 h6 15. 0-0 Nd5 16. a3 Bf6 17. e4 Nb6 1/2-1/2